Flags with Coat of Arms Added #1 - Statistics

General Stats
  • This quiz has been taken 43 times
  • The average score is 10 of 10
Answer Stats
Picture Answer % Correct
Finland
100%
France
100%
Georgia
100%
Ivory Coast
100%
Nigeria
100%
Ukraine
100%
Jamaica
97%
Thailand
97%
Chad
95%
Yemen
89%
No matching quizzes found
Score Distribution
Percent of People with Each Score
Percentile by Number Answered
Your Score History
You have not taken this quiz